Human rights law reports 2008-2011 / (Record no. 8503)
[ view plain ]
| 000 -LEADER | |
|---|---|
| fixed length control field | 00280nam a22000977a 4500 |
| 008 - FIXED-LENGTH DATA ELEMENTS--GENERAL INFORMATION | |
| fixed length control field | 170321b xxu||||| |||| 00| 0 eng d |
| 245 ## - TITLE STATEMENT | |
| Title | Human rights law reports 2008-2011 / |
| 260 ## - PUBLICATION, DISTRIBUTION, ETC. (IMPRINT) | |
| Place of publication, distribution, etc | kampala , |
| Name of publisher, distributor, etc | Uganda Human Rights Commission ; |
| Date of publication, distribution, etc | 2008-2011 |
| 300 ## - PHYSICAL DESCRIPTION | |
| Extent | 196P. : |
| 942 ## - ADDED ENTRY ELEMENTS (KOHA) | |
| Source of classification or shelving scheme | Dewey Decimal Classification |
| Item type | Periodicals |
| Withdrawn status | Lost status | Source of classification or shelving scheme | Damaged status | Not for loan | Home library | Current library | Shelving location | Date acquired | Total Checkouts | Barcode | Date last seen | Copy number | Price effective from | Koha item type |
|---|---|---|---|---|---|---|---|---|---|---|---|---|---|---|
| Dewey Decimal Classification | Law Development Centre Main Library | Law Development Centre Main Library | Law Reports | 03/21/2017 | 004/2017 | 03/21/2017 | 001 | 03/21/2017 | Periodicals |
